000 004650000a22001810004500
003 MACL
005 20150823152249.0
008 150823b xxu||||| |||| 00| 0 eng d
040 _aMACL
_cMACL
041 _aEnglish
082 _a650/DAY
100 _aDayal, Ishwar
_97132
245 _aTeaching of Management
_bAn Experience of Learning to Teach
260 _bAne Books India
_c2008
_aDelhi
350 _a125
650 _aManagement
_97133
942 _cBK
_k650
_2ddc
999 _c8223
_d8223